[Event "GER-ch blitz"]
[Site "Magdeburg"]
[Date "2022.08.21"]
[Round "14"]
[White "Zelbel, Patrick"]
[Black "Bethke, Richard"]
[Result "1/2-1/2"]
[WhiteElo "2493"]
[BlackElo "2381"]
[PlyCount "206"]
[EventDate "2022.08.21"]
[EventType "tourn (blitz)"]
[EventRounds "29"]
[EventCountry "GER"]
[EventCategory "5"]
[SourceTitle "CBM 210 Extra"]
[Source "ChessBase"]
[SourceDate "2022.11.30"]
[SourceVersion "1"]
[SourceVersionDate "2022.11.30"]
[SourceQuality "1"]

1. e4 e5 2. Nf3 Nc6 3. Nc3 Nf6 4. d4 exd4 5. Nd5 Nxd5 6. exd5 Bb4+ 7. Bd2 Qe7+ 8. Qe2 Bxd2+ 9. Kxd2 Qxe2+ 10. Bxe2 Ne7 11. d6 cxd6 12. Nxd4 a6 13. Rhe1 Kd8 14. Bf3 d5 15. Re3 Nc6 16. Nf5 d4 17. Re2 g6 18. Nd6 Rf8 19. Rae1 Kc7 20. Ne8+ Kb6 21. Bd5 Kc5 22. Bb3 d6 23. Nf6 Bf5 24. g4 Be6 25. Bxe6 fxe6 26. Nd7+ Kd5 27. Nb6+ Kc5 28. Nxa8 Rxa8 29. Rxe6 Ne5 30. Kd1 Nxg4 31. Re7 h5 32. R1e2 Rf8 33. Ke1 Nxh2 34. Rxb7 Nf3+ 35. Kf1 Rf4 36. Kg2 Ng5 37. Rg7 Rg4+ 38. Kf1 Nf3 39. Re6 Ne5 40. Ree7 h4 41. Rh7 g5 42. Reg7 Kd5 43. Ke2 Re4+ 44. Kf1 Nf3 45. Rf7 g4 46. Rh5+ Kc6 47. Rxf3 gxf3 48. Rf5 Re2 49. Rxf3 Rxc2 50. Rb3 Kc5 51. a4 Kc4 52. Rh3 Rxb2 53. Rxh4 Ra2 54. f4 Rxa4 55. f5 Ra5 56. Rf4 Re5 57. f6 Re8 58. f7 Rf8 59. Ke2 Kc3 60. Rf3+ Kc2 61. Ke1 d3 62. Rf2+ Kc1 63. Rd2 Rxf7 64. Rxd3 Re7+ 65. Kf2 a5 66. Rxd6 Ra7 67. Ke3 a4 68. Rc6+ Kb2 69. Rb6+ Kc3 70. Rc6+ Kb4 71. Rb6+ Ka3 72. Kd2 Rc7 73. Ra6 Kb3 74. Rb6+ Ka2 75. Rb4 a3 76. Rb6 Ka1 77. Rb3 a2 78. Rb8 Rh7 79. Kc2 Rc7+ 80. Kd2 Rg7 81. Kc2 Rg1 82. Ra8 Rb1 83. Kc3 Rc1+ 84. Kd2 Rc6 85. Ra7 Kb2 86. Rb7+ Ka3 87. Ra7+ Kb3 88. Rb7+ Kc4 89. Ra7 Rh6 90. Kc1 Kb3 91. Rb7+ Kc3 92. Rc7+ Kb4 93. Rb7+ Ka3 94. Ra7+ Kb3 95. Rb7+ Kc4 96. Rc7+ Kb5 97. Ra7 Rh2 98. Rb7+ Kc4 99. Rc7+ Kd3 100. Rd7+ Ke3 101. Re7+ Kf3 102. Rf7+ Kg2 103. Kb2 Kg3+ 1/2-1/2

[Event "GER-ch blitz"]
[Site "Magdeburg"]
[Date "2022.08.21"]
[Round "27"]
[White "Zelbel, Patrick"]
[Black "Freiberger, Jonas"]
[Result "1-0"]
[WhiteElo "2493"]
[BlackElo "2342"]
[PlyCount "53"]
[EventDate "2022.08.21"]
[EventType "tourn (blitz)"]
[EventRounds "29"]
[EventCountry "GER"]
[EventCategory "5"]
[SourceTitle "CBM 210 Extra"]
[Source "ChessBase"]
[SourceDate "2022.11.30"]
[SourceVersion "1"]
[SourceVersionDate "2022.11.30"]
[SourceQuality "1"]

1. e4 e5 2. Nf3 Nc6 3. Nc3 g6 4. d4 exd4 5. Nxd4 Bg7 6. Be3 Nf6 7. Qd2 0-0 8. 0-0-0 Re8 9. f3 d5 10. Bb5 Bd7 11. exd5 Nxd4 12. Bxd7 Nxf3 13. gxf3 Qxd7 14. Kb1 a6 15. Rhe1 Rac8 16. Bf4 Nh5 17. Bh6 Bh8 18. Ne4 Qf5 19. Qd3 Nf4 20. Qb3 Ng2 21. Rg1 Nh4 22. d6 Nxf3 23. Rgf1 Rxe4 24. Rxf3 Qe6 25. d7 Rd8 26. Qxb7 Qxd7 27. Rxd7 1-0

[Event "Bundesliga 2122"]
[Site "Germany"]
[Date "2022.07.10"]
[Round "15.3"]
[White "Jakubowski, Krzysztof"]
[Black "Zelbel, Patrick"]
[Result "1/2-1/2"]
[WhiteElo "2475"]
[BlackElo "2458"]
[PlyCount "60"]
[EventDate "2022.03.05"]
[EventType "team-tourn"]
[EventRounds "15"]
[EventCountry "GER"]
[SourceTitle "CBM 209 Extra"]
[Source "ChessBase"]
[SourceDate "2022.09.30"]
[SourceVersion "1"]
[SourceVersionDate "2022.09.30"]
[SourceQuality "1"]
[WhiteTeam "Berlin SF"]
[BlackTeam "Muelheim Nord"]
[WhiteTeamCountry "GER"]
[BlackTeamCountry "GER"]

1. d4 Nf6 2. Nf3 g6 3. Bg5 Bg7 4. Nbd2 0-0 5. c3 d6 6. e4 c5 7. dxc5 dxc5 8. Bc4 Nc6 9. 0-0 Qc7 10. Re1 h6 11. Bh4 Nh5 12. Qc2 Na5 13. Bf1 Be6 14. Qa4 a6 15. Bxe7 b5 16. Bd6 Qxd6 17. Qxa5 Qc6 18. a4 Rfb8 19. e5 Nf4 20. axb5 axb5 21. Bxb5 Rxa5 22. Bxc6 Rxa1 23. Rxa1 Rxb2 24. Ne4 Rb6 25. Ba8 Nd3 26. h3 Nxe5 27. Nxc5 Nxf3+ 28. Bxf3 Bxc3 29. Ra8+ Kg7 30. Nxe6+ Rxe6 1/2-1/2

[Event "Bundesliga 2122"]
[Site "Germany"]
[Date "2022.07.08"]
[Round "12.6"]
[White "Berchtenbreiter, Maximilian"]
[Black "Zelbel, Patrick"]
[Result "1/2-1/2"]
[WhiteElo "2513"]
[BlackElo "2458"]
[PlyCount "54"]
[EventDate "2022.03.05"]
[EventType "team-tourn"]
[EventRounds "15"]
[EventCountry "GER"]
[SourceTitle "CBM 209 Extra"]
[Source "ChessBase"]
[SourceDate "2022.09.30"]
[SourceVersion "1"]
[SourceVersionDate "2022.09.30"]
[SourceQuality "1"]
[WhiteTeam "Muenchen 36"]
[BlackTeam "Muelheim Nord"]
[WhiteTeamCountry "GER"]
[BlackTeamCountry "GER"]

1. e4 e5 2. Nf3 Nc6 3. Bb5 a6 4. Ba4 Nf6 5. 0-0 Be7 6. Re1 b5 7. Bb3 d6 8. c3 0-0 9. h3 Nb8 10. d4 Nbd7 11. Nbd2 Bb7 12. Bc2 Re8 13. Nf1 Bf8 14. Ng3 g6 15. a4 c5 16. d5 c4 17. Bg5 h6 18. Be3 Nc5 19. Qd2 h5 20. Ra3 Rb8 21. axb5 axb5 22. Rea1 Nfd7 23. Bg5 Be7 24. Bh6 Bf8 25. Bg5 Be7 26. Bh6 Bf8 27. Bg5 Be7 1/2-1/2